[Event "Wiesbaden op 31st"]
[Site "Wiesbaden"]
[Date "2019.08.25"]
[Round "7"]
[White "Lochmann, Tobias"]
[Black "Baehrle, Julius"]
[Result "0-1"]
[WhiteElo "1199"]
[BlackElo "1349"]
[PlyCount "68"]
[EventDate "2019.08.22"]
[EventType "swiss"]
[EventRounds "7"]
[EventCountry "GER"]
[SourceTitle "EXT 2020"]
[Source "ChessBase"]
[SourceDate "2019.10.17"]
[SourceVersion "1"]
[SourceVersionDate "2019.10.17"]
[SourceQuality "1"]

1. c4 d6 2. Nc3 g6 3. Nf3 Bg7 4. g3 Nd7 5. d3 b6 6. Bd2 Bb7 7. Bg2 Ngf6 8. 0-0 0-0 9. e4 Nc5 10. Be3 Ne6 11. e5 Ng4 12. Bd2 dxe5 13. h3 Nf6 14. Nxe5 Bxg2 15. Kxg2 Nd7 16. Nxd7 Qxd7 17. Qg4 Qxd3 18. Rfd1 h5 19. Qe4 Qxe4+ 20. Nxe4 Bxb2 21. Rab1 Be5 22. Ng5 Nxg5 23. Bxg5 Bf6 24. Rd5 Bxg5 25. Rxg5 Rad8 26. Rbb5 Rd2 27. c5 Rxa2 28. g4 h4 29. cxb6 cxb6 30. Rbe5 a5 31. Re3 Rd8 32. Rxe7 Rd3 33. Re8+ Kg7 34. Rb8 Rg3+ 0-1

[Event "Wiesbaden op 31st"]
[Site "Wiesbaden"]
[Date "2019.08.23"]
[Round "3"]
[White "Lehmann, Wolfgang"]
[Black "Baehrle, Julius"]
[Result "1-0"]
[WhiteElo "1599"]
[BlackElo "1349"]
[PlyCount "63"]
[EventDate "2019.08.22"]
[EventType "swiss"]
[EventRounds "7"]
[EventCountry "GER"]
[SourceTitle "EXT 2020"]
[Source "ChessBase"]
[SourceDate "2019.10.17"]
[SourceVersion "1"]
[SourceVersionDate "2019.10.17"]
[SourceQuality "1"]

1. d4 d6 2. Nf3 g6 3. e4 Bg7 4. c4 e6 5. Nc3 Nd7 6. Be2 Ne7 7. 0-0 0-0 8. Be3 b6 9. Rc1 Bb7 10. Qd2 Nf6 11. Bh6 Nxe4 12. Nxe4 Bxe4 13. Bxg7 Kxg7 14. d5 exd5 15. cxd5 Bxd5 16. Qc3+ Kg8 17. Qxc7 Bxa2 18. Rfe1 Nd5 19. Qc2 Rc8 20. Qa4 Rxc1 21. Rxc1 Qe7 22. Qxa2 Nb4 23. Qc4 Na2 24. Qxa2 Qxe2 25. Re1 Qb5 26. h3 a5 27. Qa3 Rc8 28. Qxd6 Qxb2 29. Qd7 Qc2 30. Ng5 Rf8 31. Re8 Kg7 32. Rxf8 1-0

[Event "Wiesbaden op 29th"]
[Site "Wiesbaden"]
[Date "2017.08.25"]
[Round "2"]
[White "Baehrle, Julius"]
[Black "Malzahn, Sven"]
[Result "0-1"]
[WhiteElo "757"]
[BlackElo "2052"]
[PlyCount "64"]
[EventDate "2017.08.24"]
[EventType "swiss"]
[EventRounds "7"]
[EventCountry "GER"]
[SourceTitle "CBM 180 Extra"]
[Source "ChessBase"]
[SourceDate "2017.10.06"]
[SourceVersion "1"]
[SourceVersionDate "2017.10.06"]
[SourceQuality "1"]

1. c4 e5 2. Nf3 e4 3. Nd4 Nc6 4. Nxc6 bxc6 5. Qc2 Nf6 6. e3 c5 7. Nc3 Bb7 8. b3 Be7 9. Be2 0-0 10. 0-0 Re8 11. Bb2 Bf8 12. Nb5 Re6 13. Qc3 a6 14. Na3 d5 15. Rad1 d4 16. exd4 cxd4 17. Qxd4 Qxd4 18. Bxd4 Bxa3 19. Bc3 Bd6 20. Rfe1 Rae8 21. b4 Be5 22. Bxe5 Rxe5 23. c5 Rd5 24. a3 Red8 25. h3 Rxd2 26. Rxd2 Rxd2 27. Rf1 Rxe2 28. a4 Bc6 29. a5 e3 30. fxe3 Rxg2+ 31. Kh1 Nh5 32. Rg1 Ng3# 0-1